000 00536nam a22001937a 4500
999 _c264132
_d264131
003 OSt
005 20240726112035.0
008 240726b xxu||||| |||| 00| 0 eng d
010 _a 2010526252
020 _a 9780545202589 (pbk.)
020 _a 0545202582 (pbk.)
040 _cRU
050 _aPZ7
_b.M507 2010
100 _aMeadows, Daisy.
245 _a Gemma the gymnastics fairy /
_c by Daisy Meadows.
260 _aNew York :
_bScholastic Inc.,
_cc2008.
300 _a 65 p. :
_b ill., map ;
_c 20 cm.
942 _2lcc
_cBK